| 000 | 01300cam a2200325 a 4500 | ||
|---|---|---|---|
| 999 |
_c7506 _d7506 |
||
| 001 | 1599525 | ||
| 003 | OSt | ||
| 005 | 20211122105302.0 | ||
| 008 | 941228s1995 enkab b 001 0 eng | ||
| 010 | _a 94049434 | ||
| 020 | _a0521440009 (hardback) | ||
| 020 | _a0521018536 | ||
| 040 |
_aDLC _cDDC _dDLC |
||
| 050 | 0 | 0 |
_aQL496.2 _b.I47 1995 |
| 082 | 0 | 0 |
_a595.7 INS 1995 _220 |
| 100 |
_aedited by V.A. Drake and A.G. Gatehouse. _915369 |
||
| 245 | 0 | 0 |
_aInsect migration : _bTracking resources through space and time / _cedited by V.A. Drake and A.G. Gatehouse. |
| 260 |
_aCambridge ; _aNew York, NY, USA : _bCambridge University Press, _c1995. |
||
| 300 |
_axvii, 478 p. : _bill., maps ; _c24 cm. |
||
| 504 | _aIncludes bibliographical references and index. | ||
| 650 | 0 |
_aInsects _xMigration. _915370 |
|
| 650 | 0 |
_aBiology _95602 |
|
| 700 | 1 |
_aDrake, V. A. _915371 |
|
| 700 | 1 |
_aGatehouse, A. G. _915372 |
|
| 856 | 4 | 2 |
_3Publisher description _uhttp://www.loc.gov/catdir/description/cam026/94049434.html |
| 856 | 4 | 1 |
_3Table of contents _uhttp://www.loc.gov/catdir/toc/cam026/94049434.html |
| 906 |
_a7 _bcbc _corignew _d1 _eocip _f19 _gy-gencatlg |
||
| 942 |
_2ddc _cO_SHELF |
||